000 00635nam a2200241Ia 4500
003 OSt
005 20220918224225.0
006 a|||||r|||| 00| 0
007 ta
008 220917b |||||||| |||| 00| 0 eng d
024 _a227,274
037 _cTextual
040 _aARTS
_cARTS
_beng
041 _2eng
_aeng
082 _aQ7wN, P5
100 _aRahnema Ali Ed.
_9147518
245 0 _aPioneers of islamic revival
260 _aLondon
_bZed Books
_c279p
300 _alxxxiii, 279p.
_ccm.
490 _aStudies in islamic society
942 _hQ7wN, P5
_cTEXL
_2CC
999 _c280640
_d280640